The housebuilder's bible (Record no. 115932)

MARC details
000 -LEADER
fixed length control field 01129cam a22002655a 4500
001 - CONTROL NUMBER
control field L159472
008 - FIXED-LENGTH DATA ELEMENTS--GENERAL INFORMATION
fixed length control field 170712s2017 xxk f 001 0 eng d
020 ## - INTERNATIONAL STANDARD BOOK NUMBER
International Standard Book Number 9781911346050
035 ## - SYSTEM CONTROL NUMBER
System control number (Sirsi) u159472
041 0# - LANGUAGE CODE
Language code of text/sound track or separate title eng
050 04 - LIBRARY OF CONGRESS CALL NUMBER
Classification number 690 $2 18
100 1# - MAIN ENTRY--PERSONAL NAME
Personal name Brinkley, Mark
245 04 - TITLE STATEMENT
Title The housebuilder's bible
250 ## - EDITION STATEMENT
Edition statement 12th ed.
260 ## - PUBLICATION, DISTRIBUTION, ETC.
Place of publication, distribution, etc. Penryn
Name of publisher, distributor, etc. Red Planet Publishing
Date of publication, distribution, etc. 2017
300 ## - PHYSICAL DESCRIPTION
Extent 352p.
Other physical details ill
Dimensions 24cm
505 2# - FORMATTED CONTENTS NOTE
Formatted contents note Introduction -- Case study -- Pitfalls -- Design -- Project management -- Groundworks -- Superstructure -- Heating &plumbing -- Wiring -- Finishes -- Room by room -- Adding extra space -- Shopping -- Green issues -- Apocrypha.
520 ## - SUMMARY, ETC.
Summary, etc. Explains everything you need to know about managing a build, buying and using materials, finding and employing the right people. Written in a highly readable style this twelfth edition is fully updated and comes complete with tables for costing your building project.
521 ## - TARGET AUDIENCE NOTE
Target audience note Advanced
650 24 - SUBJECT ADDED ENTRY--TOPICAL TERM
Topical term or geographic name entry element Construction management
9 (RLIN) 6230
651 #4 - SUBJECT ADDED ENTRY--GEOGRAPHIC NAME
Geographic name United Kingdom
Chronological subdivision
690 ## - LOCAL SUBJECT ADDED ENTRY--TOPICAL TERM (OCLC, RLIN)
Topical term or geographic name as entry element Design and specification
942 ## - ADDED ENTRY ELEMENTS (KOHA)
Suppress in OPAC 0
Holdings
Withdrawn status Lost status Source of classification or shelving scheme Damaged status Not for loan Home library Current library Shelving location Date acquired Total Checkouts Full call number Barcode Date last seen Copy number Price effective from Koha item type
    Dewey Decimal Classification     London London Books 28/07/2017   690 BRI 30078435 06/08/2019 1 06/08/2019 Book